[Event "CAN-ch U20"]
[Site "Toronto CAN"]
[Date "2023.07.08"]
[Round "6.4"]
[White "Zhong, Ryan Yunhui"]
[Black "Srinivasan, Hemant"]
[Result "0-1"]
[WhiteElo "1949"]
[BlackElo "2228"]
[PlyCount "116"]
[EventDate "2023.07.06"]
[EventType "swiss"]
[EventRounds "8"]
[EventCountry "CAN"]

1. e4 c6 2. d4 d5 3. Nc3 dxe4 4. Nxe4 Nf6 5. Nxf6+ exf6 6. c3 Bd6 7. Bd3 O-O 8.
Ne2 Re8 9. Be3 Be6 10. Qc2 h5 11. Ng3 h4 12. Nf5 Bxf5 13. Bxf5 Bf4 14. O-O Qc7
15. Bxf4 Qxf4 16. Rfe1 Na6 17. Bd7 Rxe1+ 18. Rxe1 g6 19. Re4 Qd6 20. Bh3 f5 21.
Re5 c5 22. Re1 cxd4 23. Rd1 Re8 24. g3 Qc6 25. Bg2 Qc4 26. Bf1 Qxa2 27. cxd4
Nb4 28. Qc3 Nd5 29. Qc5 Nb6 30. d5 Re5 31. Bg2 Qxb2 32. Qc7 Qe2 33. Rc1 Qd2 34.
Rf1 Qd4 35. d6 Re6 36. Qxb7 a5 37. Bf3 h3 38. Qa6 a4 39. Rd1 Qxd1+ 40. Bxd1
Re1+ 41. Qf1 Rxf1+ 42. Kxf1 Kf8 43. Ke2 Ke8 44. Ke3 Kd7 45. Kd4 Kxd6 46. f3 f6
47. Be2 a3 48. Kc3 Nd5+ 49. Kb3 a2 50. Kb2 f4 51. g4 Ke5 52. Bd3 g5 53. Bf1 Kd4
54. Kxa2 Ke3 55. Bxh3 Kxf3 56. Kb3 Ne3 57. Kc3 Nxg4 58. Kd4 Nxh2 0-1

[Event "CAN-ch U20"]
[Site "Toronto CAN"]
[Date "2023.07.08"]
[Round "6.5"]
[White "Yuen, Noah Nathaniel"]
[Black "Joseph, Jonath"]
[Result "1-0"]
[WhiteElo "2111"]
[BlackElo "2022"]
[PlyCount "125"]
[EventDate "2023.07.06"]
[EventType "swiss"]
[EventRounds "8"]
[EventCountry "CAN"]

1. d4 d5 2. c4 e6 3. Nc3 Nf6 4. cxd5 exd5 5. Bg5 c6 6. e3 Be7 7. Bd3 Nbd7 8.
Nge2 O-O 9. O-O Re8 10. f3 h6 11. Bh4 Nf8 12. Bf2 Be6 13. Qd2 c5 14. dxc5 Bxc5
15. Rad1 Qe7 16. Rfe1 Rad8 17. Nf4 a6 18. Bc2 Qc7 19. Bb3 Bb4 20. Rc1 Qb8 21.
a3 Bd6 22. Nce2 g5 23. Nxe6 Nxe6 24. Bg3 d4 25. exd4 Bxg3 26. hxg3 Qa7 27. Kh2
Nxd4 28. Nxd4 Rxe1 29. Qxe1 Qxd4 30. Qe7 Rd7 31. Rc8+ Kg7 32. Qf8+ Kg6 33. Bc2+
Kh5 34. Bf5 g4 35. Bxd7 Qxd7 36. Rc5+ Kg6 37. f4 Ne4 38. Qg8+ Kf6 39. Re5 Qd3
40. Qxg4 Nf2 41. Qe2 Qd4 42. Re8 Nd3 43. Qe7+ Kg7 44. Qf8+ Kg6 45. Qg8+ Qg7 46.
Qxg7+ Kxg7 47. b4 Nb2 48. Re7 Nc4 49. a4 b5 50. a5 Nb2 51. Ra7 Nd3 52. Rxa6
Nxb4 53. Rb6 Nd5 54. Rxb5 Nf6 55. a6 Kg6 56. a7 Ng4+ 57. Kg1 f5 58. a8=Q Nf6
59. Qc8 h5 60. Qxf5+ Kg7 61. Rb7+ Kg8 62. Qc8+ Ne8 63. Qxe8# 1-0

[Event "CAN-ch U20"]
[Site "Toronto CAN"]
[Date "2023.07.08"]
[Round "6.6"]
[White "Wu, Nolan"]
[Black "Wang, Andy"]
[Result "1/2-1/2"]
[WhiteElo "1821"]
[BlackElo "1892"]
[PlyCount "42"]
[EventDate "2023.07.06"]
[EventType "swiss"]
[EventRounds "8"]
[EventCountry "CAN"]

1. e4 e5 2. Nf3 Nc6 3. Bc4 Bc5 4. c3 Nf6 5. d4 exd4 6. e5 d5 7. Bb5 Ne4 8. cxd4
Bb6 9. Nc3 Nxc3 10. bxc3 O-O 11. O-O Be6 12. Bd3 Ne7 13. Bg5 Qd7 14. Qc2 Ng6
15. h4 h6 16. Bxh6 gxh6 17. Bxg6 fxg6 18. Qxg6+ Kh8 19. Qxh6+ Kg8 20. Qg6+ Kh8
21. Qh6+ Kg8 1/2-1/2

[Event "CAN-ch U20"]
[Site "Toronto CAN"]
[Date "2023.07.08"]
[Round "6.7"]
[White "Gao, Heye"]
[Black "Zhao, Jifan"]
[Result "0-1"]
[WhiteElo "1821"]
[BlackElo "2195"]
[PlyCount "109"]
[EventDate "2023.07.06"]
[EventType "swiss"]
[EventRounds "8"]
[EventCountry "CAN"]

1. e4 e6 2. d4 d5 3. Nc3 Nf6 4. e5 Nfd7 5. f4 c5 6. Nf3 Nc6 7. Be2 cxd4 8. Nxd4
Ndxe5 9. Bb5 Bd7 10. Be3 Nxd4 11. Bxd4 Bxb5 12. Nxb5 Nc6 13. O-O a6 14. Nc3
Nxd4 15. Qxd4 Rc8 16. Kh1 Rc4 17. Qe5 Qc7 18. Qxc7 Rxc7 19. Rf2 Bc5 20. Re2 O-O
21. g3 Bd4 22. Nd1 Bf6 23. c3 Rfc8 24. Rd2 g6 25. Ne3 h5 26. Rad1 b5 27. Nc2
Rc4 28. a3 Kg7 29. Kg2 h4 30. Ne3 R4c6 31. Ng4 hxg3 32. Nxf6 Kxf6 33. hxg3 a5
34. Rd4 Rc4 35. Rxc4 Rxc4 36. Rd4 Rxd4 37. cxd4 g5 38. Kf3 Kf5 39. g4+ Kf6 40.
Kg3 gxf4+ 41. Kxf4 Kg6 42. g5 Kh5 43. b3 a4 44. b4 Kh4 45. Ke5 Kxg5 46. Kd6 f5
47. Kc5 f4 48. Kxb5 f3 49. Kc6 f2 50. b5 f1=Q 51. b6 Qc4+ 52. Kd7 Qxd4 53. b7
Qb6 54. Kc8 Qxb7+ 55. Kxb7 0-1

[Event "CAN-ch U20"]
[Site "Toronto CAN"]
[Date "2023.07.08"]
[Round "6.8"]
[White "Zhong, April"]
[Black "Malakar, Saarthak"]
[Result "0-1"]
[WhiteElo "1962"]
[BlackElo "1979"]
[PlyCount "94"]
[EventDate "2023.07.06"]
[EventType "swiss"]
[EventRounds "8"]
[EventCountry "CAN"]

1. e4 c6 2. d4 d5 3. Nc3 dxe4 4. Nxe4 Nf6 5. Nxf6+ exf6 6. c3 Bd6 7. Bd3 O-O 8.
Ne2 Re8 9. Qc2 h6 10. Be3 Nd7 11. O-O-O Nf8 12. Ng3 Qa5 13. Kb1 Be6 14. b3 b5
15. Nf5 Bxf5 16. Bxf5 Qc7 17. h4 Bf4 18. Bxf4 Qxf4 19. g3 Qf3 20. Rhe1 Qd5 21.
g4 g6 22. Be4 Qd6 23. Qd2 Kg7 24. g5 fxg5 25. hxg5 h5 26. f4 Rab8 27. f5 c5 28.
fxg6 fxg6 29. Qf2 c4 30. b4 a5 31. a3 axb4 32. axb4 Re7 33. d5 Rbe8 34. Bf3 Nd7
35. Rf1 Ra8 36. Rde1 Ne5 37. Bg2 Rea7 38. Qf6+ Kh7 39. Kc1 Ra1+ 40. Kd2 R8a2+
41. Ke3 Ng4+ 42. Kd4 Rd2+ 43. Ke4 Rxe1+ 44. Rxe1 Nxf6+ 45. gxf6 Qxd5+ 46. Kf4
g5+ 47. Ke3 Qd3# 0-1

[Event "CAN-ch U20"]
[Site "Toronto CAN"]
[Date "2023.07.08"]
[Round "6.9"]
[White "Zhu, Charis"]
[Black "Ruchinskaya, Valerie"]
[Result "1/2-1/2"]
[WhiteElo "1898"]
[BlackElo "1936"]
[PlyCount "77"]
[EventDate "2023.07.06"]
[EventType "swiss"]
[EventRounds "8"]
[EventCountry "CAN"]

1. d4 d5 2. c4 c6 3. Nc3 Nf6 4. Nf3 dxc4 5. a4 Bf5 6. e3 e6 7. Bxc4 Bb4 8. O-O
Nbd7 9. Bd2 Qe7 10. Re1 Bg6 11. Ne5 Nxe5 12. dxe5 Nd7 13. f4 Rd8 14. Ba2 Nc5
15. Qe2 O-O 16. Nd5 cxd5 17. Bxb4 Rc8 18. Rac1 Rc6 19. Qb5 Rfc8 20. Rc3 a6 21.
Bxc5 Rxc5 22. Qb4 Kf8 23. Rec1 Rxc3 24. Qxe7+ Kxe7 25. bxc3 b5 26. axb5 axb5
27. Bb1 b4 28. Bxg6 hxg6 29. Kf2 Rxc3 30. Rxc3 bxc3 31. Ke2 Kd7 32. Kd3 f6 33.
exf6 gxf6 34. Kxc3 e5 35. fxe5 fxe5 36. h4 Ke6 37. g4 Kd6 38. Kd3 Ke6 39. Kc3
1/2-1/2

[Event "CAN-ch U20"]
[Site "Toronto CAN"]
[Date "2023.07.08"]
[Round "6.10"]
[White "Gao, Lucy"]
[Black "Qian, Eric"]
[Result "1-0"]
[WhiteElo "1958"]
[BlackElo "2085"]
[PlyCount "59"]
[EventDate "2023.07.06"]
[EventType "swiss"]
[EventRounds "8"]
[EventCountry "CAN"]

1. e4 c5 2. Nf3 d6 3. Bb5+ Nc6 4. O-O Bd7 5. c3 Nf6 6. Qe2 e6 7. Rd1 Be7 8. d4
cxd4 9. cxd4 O-O 10. Nc3 a6 11. Bd3 Qc7 12. e5 Nd5 13. Nxd5 exd5 14. h3 Rfe8
15. Bf4 dxe5 16. dxe5 h6 17. Rac1 Qb6 18. Bb1 Nb4 19. a3 Bb5 20. Qd2 Nc6 21.
Qxd5 Kf8 22. Be3 Qa5 23. Ba2 Nd8 24. Qe4 Kg8 25. Bxh6 gxh6 26. Qg6+ Kf8 27.
Qxh6+ Kg8 28. Rd4 Bd7 29. Bb1 f5 30. Rxd7 1-0

[Event "CAN-ch U20"]
[Site "Toronto CAN"]
[Date "2023.07.08"]
[Round "6.11"]
[White "Zheng, Victor"]
[Black "Jiang, Hancy"]
[Result "1-0"]
[WhiteElo "2068"]
[BlackElo "1843"]
[PlyCount "151"]
[EventDate "2023.07.06"]
[EventType "swiss"]
[EventRounds "8"]
[EventCountry "CAN"]

1. Nf3 Nf6 2. g3 g6 3. Bg2 Bg7 4. O-O O-O 5. d4 d6 6. Nbd2 Nbd7 7. c4 e5 8. Nb3
exd4 9. Nbxd4 c6 10. Bf4 d5 11. Qc2 dxc4 12. Rad1 Qb6 13. Bd6 Re8 14. Qxc4 h6
15. Nh4 Nf8 16. Bc5 Qc7 17. b4 Be6 18. Nxe6 Nxe6 19. Bd6 Qb6 20. e4 Nd7 21. Bh3
Qb5 22. Qxb5 cxb5 23. Nf3 Nb6 24. e5 Nc4 25. Rfe1 a5 26. Rd5 axb4 27. Bxb4 Ng5
28. Nxg5 hxg5 29. e6 fxe6 30. Bxe6+ Kh7 31. Rxb5 Na3 32. Rxb7 Nc2 33. Re4 Ra4
34. a3 Nxa3 35. Bd5 Rxe4 36. Bxe4 Kh6 37. Bd3 Kh5 38. Kg2 g4 39. Rxg7 Rxb4 40.
Rxg6 Rd4 41. Bf5 Rd5 42. Ra6 Nb5 43. Be4 Re5 44. Ra5 Rg5 45. Bc6 Nd4 46. Be8+
Kh6 47. Ra6+ Kg7 48. Ra4 Nf3 49. h3 Ne5 50. hxg4 Nxg4 51. Bd7 Nf6 52. Bc6 Rc5
53. Bf3 Kg6 54. Be2 Kf5 55. Rf4+ Kg5 56. Ra4 Kf5 57. Rf4+ Kg5 58. Rb4 Kf5 59.
Bd3+ Kg5 60. f4+ Kg4 61. Be2+ Kf5 62. Rb5 Rxb5 63. Bxb5 Nd5 64. Kf3 Nc7 65. g4+
Kg6 66. Bd3+ Kg7 67. Bc4 Kg6 68. g5 Ne8 69. Bd3+ Kf7 70. f5 Ng7 71. Kg4 Kf8 72.
f6 Ne6 73. g6 Kg8 74. Bc4 Kh8 75. Ba2 Ng5 76. g7+ 1-0

[Event "CAN-ch U20"]
[Site "Toronto CAN"]
[Date "2023.07.09"]
[Round "7.1"]
[White "Chen, Max"]
[Black "Zhu, Matthew"]
[Result "1/2-1/2"]
[WhiteElo "2332"]
[BlackElo "2127"]
[PlyCount "96"]
[EventDate "2023.07.06"]
[EventType "swiss"]
[EventRounds "8"]
[EventCountry "CAN"]

1. e4 c5 2. Nf3 d6 3. c3 Nf6 4. Be2 g6 5. O-O Bg7 6. d3 O-O 7. Be3 Nc6 8. Nbd2
e5 9. d4 cxd4 10. cxd4 d5 11. Nxe5 Nxe5 12. dxe5 Nxe4 13. Nxe4 dxe4 14. Bc5 Qg5
15. h4 Qxh4 16. g3 Qg5 17. Bxf8 Bxf8 18. Qd4 Bf5 19. Rac1 Rd8 20. Qxa7 Rd2 21.
Bc4 Rxb2 22. Bb3 Bh3 23. Rfe1 Qf5 24. Qe3 Bh6 25. Qb6 Bxc1 26. Rxc1 Qf3 27.
Qd8+ Kg7 28. Qf6+ Qxf6 29. exf6+ Kxf6 30. Rc7 Be6 31. Rxb7 Kg5 32. Bd5 Rxb7 33.
Bxb7 e3 34. a4 e2 35. f4+ Kg4 36. Kf2 e1=Q+ 37. Kxe1 Kxg3 38. a5 Bc4 39. f5 h5
40. f6 h4 41. a6 Bxa6 42. Bxa6 Kf4 43. Bc4 Ke5 44. Bxf7 g5 45. Bh5 Kxf6 46. Kf2
Ke5 47. Kf3 Kd4 48. Bg4 Ke5 1/2-1/2

[Event "CAN-ch U20"]
[Site "Toronto CAN"]
[Date "2023.07.09"]
[Round "7.4"]
[White "Malakar, Saarthak"]
[Black "Yuen, Noah Nathaniel"]
[Result "1/2-1/2"]
[WhiteElo "1979"]
[BlackElo "2111"]
[PlyCount "56"]
[EventDate "2023.07.06"]
[EventType "swiss"]
[EventRounds "8"]
[EventCountry "CAN"]

1. d4 d5 2. Nf3 Nf6 3. g3 e6 4. Bg2 Be7 5. O-O O-O 6. Nbd2 Nbd7 7. b3 c5 8. e3
b6 9. c4 Bb7 10. Bb2 Rc8 11. Rc1 dxc4 12. bxc4 cxd4 13. exd4 Qc7 14. Re1 Rfd8
15. Qb3 Qb8 16. Ne5 Bxg2 17. Kxg2 Qb7+ 18. Qf3 Qxf3+ 19. Ndxf3 Kf8 20. a3 Nxe5
21. Nxe5 Nd7 22. Nd3 Nc5 23. Nxc5 bxc5 24. d5 exd5 25. cxd5 Rxd5 26. Bxg7+ Kxg7
27. Rxe7 a5 28. Re4 Rd3 1/2-1/2

[Event "CAN-ch U20"]
[Site "Toronto CAN"]
[Date "2023.07.09"]
[Round "7.5"]
[White "Zhao, Jifan"]
[Black "Wu, Nolan"]
[Result "0-1"]
[WhiteElo "2195"]
[BlackElo "1821"]
[PlyCount "104"]
[EventDate "2023.07.06"]
[EventType "swiss"]
[EventRounds "8"]
[EventCountry "CAN"]

1. e4 c5 2. Nf3 d6 3. Bb5+ Bd7 4. Bxd7+ Qxd7 5. O-O Nc6 6. c3 Nf6 7. Qe2 e5 8.
Rd1 Be7 9. d4 Qc7 10. Bg5 Nd7 11. d5 Nd8 12. Bxe7 Kxe7 13. Nbd2 Re8 14. Nh4 g6
15. Qe3 Kf8 16. Qh6+ Kg8 17. Nf1 Nf8 18. Rd3 f6 19. Rg3 Nf7 20. Qe3 Ng5 21. Nf3
Nxf3+ 22. Qxf3 Kf7 23. Ne3 Ke7 24. Nf5+ Kd8 25. Nh6 Qg7 26. Ng4 Nd7 27. Ne3 Kc7
28. h4 Rg8 29. a4 Qf7 30. a5 Raf8 31. a6 b6 32. Ng4 Qg7 33. Ne3 Qf7 34. Kf1 f5
35. exf5 gxf5 36. Rxg8 Qxg8 37. c4 f4 38. Nc2 Qg6 39. Qb3 Rg8 40. Ne1 e4 41.
Qc2 f3 42. gxf3 Qg1+ 43. Ke2 exf3+ 44. Kd3 Re8 45. Qd1 Qxf2 46. Nc2 Qxh4 47.
Kc3 f2 48. Qf3 Ne5 49. Qe2 Qg3+ 50. Qe3 Qxe3+ 51. Nxe3 Nf3 52. Ng4 Re1 0-1

[Event "CAN-ch U20"]
[Site "Toronto CAN"]
[Date "2023.07.09"]
[Round "7.6"]
[White "Wang, Andy"]
[Black "Zhong, Ryan Yunhui"]
[Result "1-0"]
[WhiteElo "1892"]
[BlackElo "1949"]
[PlyCount "105"]
[EventDate "2023.07.06"]
[EventType "swiss"]
[EventRounds "8"]
[EventCountry "CAN"]

1. e4 e6 2. d4 d5 3. Nc3 Nf6 4. Bg5 Bb4 5. e5 h6 6. Bd2 Bxc3 7. bxc3 Ne4 8. Bd3
Nxd2 9. Qxd2 c5 10. f4 c4 11. Be2 Nc6 12. Nf3 b5 13. O-O a5 14. Rfb1 Rb8 15. a3
Qe7 16. g4 Bd7 17. Qe1 Rb7 18. Nd2 O-O 19. Nf1 Rfb8 20. Ne3 b4 21. axb4 axb4
22. cxb4 Nxb4 23. c3 Nd3 24. Bxd3 cxd3 25. Rxb7 Rxb7 26. Qd2 Bb5 27. Ra8+ Kh7
28. Ra5 Bc4 29. Ra4 Rb1+ 30. Kg2 Qb7 31. Rb4 Rxb4 32. cxb4 Qa7 33. Qb2 Qa4 34.
Kf2 Kg8 35. Ke1 Kf8 36. Kd2 Ke8 37. Nd1 Bb3 38. Qc3 Bxd1 39. Qc8+ Ke7 40. Qc7+
Kf8 41. Qd8+ Qe8 42. Qxe8+ Kxe8 43. Kxd1 Kd7 44. Kd2 Kc6 45. Kxd3 Kb5 46. Kc3
Ka4 47. h4 Kb5 48. Kb3 Kc6 49. Ka4 f5 50. b5+ Kc7 51. gxf5 exf5 52. e6 g5 53.
b6+ 1-0

[Event "CAN-ch U20"]
[Site "Toronto CAN"]
[Date "2023.07.09"]
[Round "7.7"]
[White "Zhu, Charis"]
[Black "Zheng, Victor"]
[Result "0-1"]
[WhiteElo "1898"]
[BlackElo "2068"]
[PlyCount "96"]
[EventDate "2023.07.06"]
[EventType "swiss"]
[EventRounds "8"]
[EventCountry "CAN"]

1. d4 Nf6 2. c4 g6 3. Nc3 Bg7 4. e4 d6 5. Nf3 O-O 6. Be2 e5 7. O-O Nc6 8. d5
Ne7 9. Ne1 Ne8 10. Nd3 f5 11. f3 f4 12. Bd2 g5 13. Rc1 Ng6 14. c5 h5 15. b4 Rf7
16. b5 Nf6 17. h3 Bf8 18. b6 axb6 19. cxb6 cxb6 20. Qb3 g4 21. fxg4 hxg4 22.
hxg4 Rg7 23. Nf2 Nh4 24. Nb5 Bxg4 25. Bxg4 Nxg4 26. Nxg4 Rxg4 27. Rf2 Qg5 28.
Qh3 Rg3 29. Qh2 Rxa2 30. Kh1 Rxg2 31. Rxg2 Qxg2+ 32. Qxg2+ Nxg2 33. Kxg2 Rxd2+
34. Kf3 Rb2 35. Nc7 Kf7 36. Ne6 Rb3+ 37. Kf2 Be7 38. Rc7 b5 39. Rxb7 b4 40.
Nd8+ Ke8 41. Nc6 Bh4+ 42. Kg1 f3 43. Rxb4 f2+ 44. Kg2 Re3 45. Rb8+ Kd7 46. Rf8
Rg3+ 47. Kf1 Rg1+ 48. Ke2 Re1+ 0-1

[Event "CAN-ch U20"]
[Site "Toronto CAN"]
[Date "2023.07.09"]
[Round "7.8"]
[White "Joseph, Jonath"]
[Black "Gao, Heye"]
[Result "1-0"]
[WhiteElo "2022"]
[BlackElo "1821"]
[PlyCount "93"]
[EventDate "2023.07.06"]
[EventType "swiss"]
[EventRounds "8"]
[EventCountry "CAN"]

1. e4 e5 2. Nc3 Nf6 3. f4 d5 4. fxe5 Nxe4 5. Qf3 Nxc3 6. bxc3 c5 7. Qg3 Nc6 8.
Bb5 g6 9. Nf3 Bg7 10. O-O O-O 11. Bxc6 bxc6 12. d4 Qa5 13. Bd2 Bf5 14. Ng5 h6
15. Rxf5 gxf5 16. Ne4 Kh7 17. Nd6 Qc7 18. Nxf5 f6 19. Qh3 fxe5 20. Bxh6 Bxh6
21. Qxh6+ Kg8 22. Qg5+ Kh8 23. Rf1 Qh7 24. Rf3 Rxf5 25. Rxf5 Rg8 26. Qf6+ Rg7
27. Qxe5 Qg6 28. g3 cxd4 29. Rf6 Qg5 30. Qxg5 Rxg5 31. cxd4 Rg4 32. c3 c5 33.
dxc5 Rc4 34. c6 Rxc3 35. Rd6 d4 36. Rxd4 Rxc6 37. Ra4 a6 38. h4 Kg7 39. Kg2 Kg6
40. Ra5 Kh6 41. Kh3 Rd6 42. h5 Rd1 43. g4 Rh1+ 44. Kg2 Rh4 45. Rxa6+ Kg5 46.
Rg6+ Kf4 47. a4 1-0

[Event "CAN-ch U20"]
[Site "Toronto CAN"]
[Date "2023.07.09"]
[Round "7.9"]
[White "Ruchinskaya, Valerie"]
[Black "Qian, Eric"]
[Result "1-0"]
[WhiteElo "1936"]
[BlackElo "2085"]
[PlyCount "107"]
[EventDate "2023.07.06"]
[EventType "swiss"]
[EventRounds "8"]
[EventCountry "CAN"]

1. d4 d5 2. c4 e6 3. Nc3 Nf6 4. cxd5 exd5 5. Bg5 c6 6. e3 Be7 7. Bd3 Nbd7 8.
Nge2 h6 9. Bh4 Nh5 10. Bxe7 Qxe7 11. O-O O-O 12. Qd2 Nb6 13. b3 Bd7 14. Rae1
Rae8 15. Nd1 Nc8 16. f3 f5 17. Nf4 Qf7 18. Nf2 Nd6 19. Qb4 Nxf4 20. Qxd6 Ne6
21. e4 fxe4 22. fxe4 Qe7 23. Qxe7 Rxe7 24. exd5 cxd5 25. Re5 Ref7 26. Rxd5 Bc6
27. Rd6 Bxg2 28. Bc4 Bxf1 29. Bxe6 Bb5 30. Ne4 Kh7 31. Bxf7 Rxf7 32. d5 b6 33.
Rd8 Kg6 34. Kg2 Bf1+ 35. Kg3 h5 36. h4 Bd3 37. Ng5 Rf6 38. Ne6 Bf5 39. Nf4+ Kf7
40. Nxh5 Rg6+ 41. Kf4 Bh3 42. Ke5 Rh6 43. Nf4 Ke7 44. Ra8 Rxh4 45. Rxa7+ Ke8
46. Rxg7 Bf1 47. d6 Bh3 48. Nxh3 Rxh3 49. Kd5 Rc3 50. Rb7 Rc2 51. a4 Kd8 52.
Rxb6 Rd2+ 53. Kc6 Rc2+ 54. Kb5 1-0

[Event "CAN-ch U20"]
[Site "Toronto CAN"]
[Date "2023.07.09"]
[Round "7.10"]
[White "Gao, Lucy"]
[Black "Zhong, April"]
[Result "1/2-1/2"]
[WhiteElo "1958"]
[BlackElo "1962"]
[PlyCount "45"]
[EventDate "2023.07.06"]
[EventType "swiss"]
[EventRounds "8"]
[EventCountry "CAN"]

1. e4 e6 2. d4 d5 3. Nc3 Nf6 4. Bg5 dxe4 5. Nxe4 Nbd7 6. Nf3 h6 7. Bxf6 Nxf6 8.
Bd3 Nxe4 9. Bxe4 Bd6 10. Qe2 O-O 11. c3 c5 12. Rd1 Qc7 13. dxc5 Bxc5 14. O-O
Bd7 15. Rfe1 Rad8 16. Nd4 Bd6 17. Qh5 Qc5 18. Qxc5 Bxc5 19. Bxb7 Rb8 20. Nb3
Bxf2+ 21. Kxf2 Rxb7 22. Rd2 Rfb8 23. Kg3 1/2-1/2

[Event "CAN-ch U20"]
[Site "Toronto CAN"]
[Date "2023.07.09"]
[Round "8.2"]
[White "Wu, Nolan"]
[Black "Chen, Max"]
[Result "0-1"]
[WhiteElo "1821"]
[BlackElo "2332"]
[PlyCount "70"]
[EventDate "2023.07.06"]
[EventType "swiss"]
[EventRounds "8"]
[EventCountry "CAN"]

1. e4 c6 2. d4 d5 3. e5 c5 4. dxc5 Nc6 5. f4 e6 6. Be3 d4 7. Bf2 Bxc5 8. Nd2
Nge7 9. a3 Nd5 10. Qg4 O-O 11. Bd3 f5 12. Qg3 a5 13. Ne2 a4 14. O-O Rb8 15. Qh3
b5 16. g4 Ne3 17. Bxe3 dxe3 18. Nf3 Qe7 19. Rad1 b4 20. gxf5 exf5 21. Bc4+ Kh8
22. Ng5 h6 23. Rf3 Nxe5 24. Bd5 Nxf3+ 25. Nxf3 Ba6 26. Ne5 Rb6 27. Bf3 Rd6 28.
Rd5 bxa3 29. bxa3 Kh7 30. Qg2 Rxd5 31. Bxd5 Rf6 32. c4 Bxa3 33. Ng3 Qb4 34. h4
Qe1+ 35. Qf1 Qxg3+ 0-1

[Event "CAN-ch U20"]
[Site "Toronto CAN"]
[Date "2023.07.09"]
[Round "8.3"]
[White "Zhu, Matthew"]
[Black "Demchenko, Svitlana"]
[Result "1/2-1/2"]
[WhiteElo "2127"]
[BlackElo "2301"]
[PlyCount "41"]
[EventDate "2023.07.06"]
[EventType "swiss"]
[EventRounds "8"]
[EventCountry "CAN"]

1. e4 Nf6 2. e5 Nd5 3. c4 Nb6 4. d4 d6 5. exd6 cxd6 6. Nc3 g6 7. Be3 Bg7 8. Rc1
O-O 9. Be2 e5 10. dxe5 dxe5 11. Qxd8 Rxd8 12. c5 N6d7 13. Nf3 Nc6 14. Bc4 h6
15. Rd1 Nd4 16. Nxd4 exd4 17. Bxd4 Re8+ 18. Ne2 Bxd4 19. Rxd4 Nxc5 20. O-O Be6
21. Nf4 1/2-1/2

[Event "CAN-ch U20"]
[Site "Toronto CAN"]
[Date "2023.07.09"]
[Round "8.5"]
[White "Malakar, Saarthak"]
[Black "Wang, Andy"]
[Result "1-0"]
[WhiteElo "1979"]
[BlackElo "1892"]
[PlyCount "73"]
[EventDate "2023.07.06"]
[EventType "swiss"]
[EventRounds "8"]
[EventCountry "CAN"]

1. d4 d5 2. Nf3 Nf6 3. g3 g6 4. Bg2 Bg7 5. O-O O-O 6. Nbd2 Nbd7 7. c4 dxc4 8.
Nxc4 c5 9. e3 Rb8 10. a4 b6 11. Re1 Bb7 12. b3 cxd4 13. exd4 Nd5 14. Ba3 Re8
15. Qd2 N7f6 16. Nfe5 Nd7 17. Rad1 a6 18. h4 Ba8 19. Nb2 b5 20. axb5 axb5 21.
Nbd3 Nxe5 22. dxe5 e6 23. Bd6 Rc8 24. Nc5 Bxe5 25. Bxe5 Rxc5 26. Qh6 f6 27. Bd4
Rc8 28. h5 g5 29. Be4 Qe7 30. Bxd5 Bxd5 31. Bxf6 Qf7 32. Qxg5+ Kf8 33. Qh6+ Kg8
34. Re5 Qf8 35. Rg5+ Kf7 36. Rg7+ Qxg7 37. Qxg7# 1-0

[Event "CAN-ch U20"]
[Site "Toronto CAN"]
[Date "2023.07.09"]
[Round "8.6"]
[White "Zheng, Victor"]
[Black "Ruchinskaya, Valerie"]
[Result "0-1"]
[WhiteElo "2068"]
[BlackElo "1936"]
[PlyCount "95"]
[EventDate "2023.07.06"]
[EventType "swiss"]
[EventRounds "8"]
[EventCountry "CAN"]

1. Nf3 d5 2. g3 Bg4 3. Bg2 Nf6 4. c4 c6 5. cxd5 cxd5 6. d4 Nc6 7. Ne5 Bh5 8.
Nc3 e6 9. Bf4 Qb6 10. Nxc6 bxc6 11. Qb3 Qxb3 12. axb3 Bb4 13. Ra4 a5 14. O-O
Ke7 15. Rfa1 Bg6 16. Na2 Bd6 17. Bxd6+ Kxd6 18. Nc1 Rhb8 19. Rxa5 Rxa5 20. Rxa5
Bc2 21. Ra3 Nd7 22. e3 c5 23. dxc5+ Nxc5 24. Bf1 Rb7 25. Ne2 Rxb3 26. Rxb3 Bxb3
27. Nd4 Bc4 28. Nb5+ Kc6 29. Nd4+ Kb6 30. Bh3 e5 31. Nf5 g6 32. Nd6 f6 33. b4
Na6 34. Ne8 f5 35. Nf6 d4 36. Nd7+ Kb5 37. Nxe5 d3 38. Nf3 Kxb4 39. g4 Bd5 40.
Nd2 Kc3 41. Nf1 Be6 42. gxf5 Bxf5 43. Bg2 Bg4 44. f3 Be6 45. Kf2 d2 46. Ke2
Bc4+ 47. Kd1 Bb3+ 48. Ke2 0-1

[Event "CAN-ch U20"]
[Site "Toronto CAN"]
[Date "2023.07.09"]
[Round "8.7"]
[White "Qian, Eric"]
[Black "Joseph, Jonath"]
[Result "0-1"]
[WhiteElo "2085"]
[BlackElo "2022"]
[PlyCount "112"]
[EventDate "2023.07.06"]
[EventType "swiss"]
[EventRounds "8"]
[EventCountry "CAN"]

1. Nf3 Nf6 2. c4 b6 3. g3 Bb7 4. Bg2 e6 5. O-O Be7 6. Nc3 O-O 7. d4 d5 8. Qc2
c5 9. Rd1 Nbd7 10. Bg5 Rc8 11. cxd5 Nxd5 12. Nxd5 Bxd5 13. Bxe7 Qxe7 14. Qa4
cxd4 15. Nxd4 Rc4 16. Qb5 Rc5 17. Qd3 Ne5 18. Qb1 Rd8 19. e4 Bb7 20. f4 Nc4 21.
b4 Rc7 22. Qb3 Nd6 23. e5 Ne4 24. Qe3 Nc3 25. Rd3 Nd5 26. Bxd5 Rxd5 27. b5 Rcd7
28. Rad1 Qd8 29. Kf2 h6 30. Ke2 Rc7 31. g4 Qe7 32. h3 Qc5 33. R1d2 Rcd7 34. a4
Qc4 35. Ke1 Qc1+ 36. Ke2 Qh1 37. Kf2 Rc7 38. Ne2 Rc4 39. Rxd5 Bxd5 40. Rd4 Rc2
41. Rd2 Rxd2 42. Qxd2 Qxh3 43. g5 hxg5 44. fxg5 Qh2+ 45. Kf1 Bc4 46. Qc2 Qxe2+
47. Qxe2 Bxe2+ 48. Kxe2 Kh7 49. Kf3 Kg6 50. Kg4 f5+ 51. gxf6 gxf6 52. exf6 Kxf6
53. Kf4 e5+ 54. Ke4 Ke6 55. Ke3 Kd5 56. Kd3 Kc5 0-1

[Event "CAN-ch U20"]
[Site "Toronto CAN"]
[Date "2023.07.09"]
[Round "8.8"]
[White "Zhong, Ryan Yunhui"]
[Black "Gao, Lucy"]
[Result "1-0"]
[WhiteElo "1949"]
[BlackElo "1958"]
[PlyCount "107"]
[EventDate "2023.07.06"]
[EventType "swiss"]
[EventRounds "8"]
[EventCountry "CAN"]

1. e4 c5 2. Nf3 g6 3. c3 Bg7 4. Bb5 a6 5. Ba4 b5 6. Bc2 Bb7 7. O-O Nf6 8. Re1
O-O 9. d4 cxd4 10. cxd4 e6 11. Bg5 h6 12. Bf4 d6 13. Qd2 Kh7 14. Qb4 d5 15. e5
Nc6 16. Qa3 Nd7 17. Qc3 Rc8 18. Qd2 Nb6 19. b3 Ne7 20. g4 Rh8 21. h4 Kg8 22. h5
gxh5 23. gxh5 Kf8 24. Kh2 Ke8 25. Bd3 Kd7 26. Na3 Nc6 27. Nc2 f5 28. Ne3 Qe8
29. Rh1 Rg8 30. Nxf5 Qxh5+ 31. N3h4 Nxd4 32. Kg1 exf5 33. Kf1 Ne6 34. Bxf5 Rgf8
35. Qb4 Rc6 36. Bh3 a5 37. Qd4 Ke7 38. Bxe6 Kxe6 39. Re1 Nd7 40. Qe3 Qf7 41.
Ng2 Qf5 42. Qg3 Kf7 43. Nh4 Qe6 44. Rg1 Rg8 45. Qf3 Ke8 46. Rg6 Qxg6 47. Nxg6
Rxg6 48. e6 Nc5 49. Bd6 Nxe6 50. Qf5 Be5 51. Rxe5 Kd7 52. Bf8 b4 53. Qf7+ Kc6
54. Rxe6+ 1-0

[Event "CAN-ch U20"]
[Site "Toronto CAN"]
[Date "2023.07.09"]
[Round "8.9"]
[White "Zhong, April"]
[Black "Gao, Heye"]
[Result "0-1"]
[WhiteElo "1962"]
[BlackElo "1821"]
[PlyCount "68"]
[EventDate "2023.07.06"]
[EventType "swiss"]
[EventRounds "8"]
[EventCountry "CAN"]

1. e4 e5 2. Nf3 Nc6 3. d4 exd4 4. Nxd4 Nf6 5. Nc3 Bb4 6. Nxc6 bxc6 7. Bd3 d5 8.
exd5 cxd5 9. O-O O-O 10. Bg5 Be6 11. Qf3 Be7 12. h3 c5 13. Rad1 h6 14. Bf4 Bd6
15. Ne2 Qb6 16. b3 Bxf4 17. Nxf4 Rad8 18. Rfe1 Rfe8 19. c4 d4 20. Re5 Bd7 21.
Rde1 Qd6 22. Rxe8+ Rxe8 23. Rxe8+ Bxe8 24. Ne2 Bc6 25. Qg3 Qxg3 26. Nxg3 g6 27.
Ne2 Kf8 28. b4 Be4 29. Bxe4 Nxe4 30. f3 d3 31. fxe4 cxb4 32. Kf2 d2 33. c5 d1=Q
34. c6 Qd6 0-1

[Event "CAN-ch U20"]
[Site "Toronto CAN"]
[Date "2023.07.09"]
[Round "8.10"]
[White "Jiang, Hancy"]
[Black "Zhu, Charis"]
[Result "1-0"]
[WhiteElo "1843"]
[BlackElo "1898"]
[PlyCount "41"]
[EventDate "2023.07.06"]
[EventType "swiss"]
[EventRounds "8"]
[EventCountry "CAN"]

1. d4 d5 2. Nf3 Nf6 3. e3 e6 4. Bd3 c5 5. b3 Nc6 6. Bb2 Be7 7. Nbd2 O-O 8. O-O
b6 9. Ne5 Bb7 10. a3 Rc8 11. f4 Nd7 12. Nxd7 Qxd7 13. dxc5 Bxc5 14. Bxh7+ Kxh7
15. Qh5+ Kg8 16. Bxg7 Kxg7 17. Qg5+ Kh8 18. Qf6+ Kh7 19. Rf3 e5 20. f5 Bxe3+
21. Rxe3 1-0